|
|
|
|
| LEADER |
01964nam a2200433 a 4500 |
| 001 |
000052044 |
| 003 |
CZ BrMZK |
| 005 |
20230615091714.0 |
| 007 |
ta |
| 008 |
950313s1995 xr f p 0 cze d |
| 015 |
|
|
|a cnb000111570
|
| 020 |
|
|
|a 80-7013-199-3
|
| 040 |
|
|
|a BOA001
|b cze
|
| 072 |
|
7 |
|a 616
|x Patologie. Klinická medicína
|2 Konspekt
|9 14
|
| 072 |
|
7 |
|a 37.016
|x Učební osnovy. Vyučovací předměty. Učebnice
|2 Konspekt
|9 22
|
| 080 |
|
|
|a 616-097-008.64-052
|2 MRF
|
| 080 |
|
|
|a 616.24
|2 MRF
|
| 080 |
|
|
|a 616.233-072.2
|2 MRF
|
| 080 |
|
|
|a 616-079.4
|2 MRF
|
| 080 |
|
|
|a (075)
|2 MRF
|
| 100 |
1 |
|
|a Mayer, Jiří,
|d 1960-
|7 nlk20000083651
|4 aut
|
| 245 |
1 |
0 |
|a Postižení plic u imunokompromitovaných nemocných :
|b diferenciální diagnostika a využití bronchoalveolární laváže /
|c J. Mayer, J. Skřičková, J. Vorlíček
|
| 250 |
|
|
|a Vyd. 1.
|
| 260 |
|
|
|a Brno :
|b Institut pro další vzdělávání pracovníků ve zdravotnictví,
|c 1995
|
| 300 |
|
|
|a 511 s. :
|b il. ;
|c 23 cm
|
| 500 |
|
|
|a Určeno pro široký okruh těch, kteří se starají o imunokompromitované pacienty. - Bibliogr.
|
| 500 |
|
|
|a Dostupné též v digitální podobě v aplikaci Kramerius
|
| 650 |
0 |
7 |
|a imunokompromitovaní pacienti
|7 ph566415
|2 czenas
|
| 650 |
0 |
7 |
|a nemoci plic
|7 ph134927
|2 czenas
|
| 650 |
0 |
7 |
|a bronchoalveolární laváž
|7 ph280623
|2 czenas
|
| 650 |
0 |
7 |
|a diferenciální diagnostika
|7 ph134758
|2 czenas
|
| 655 |
|
7 |
|a učebnice
|7 fd133770
|2 czenas
|
| 700 |
1 |
|
|a Vorlíček, Jiří,
|d 1944-
|7 jn20000402598
|4 aut
|
| 700 |
1 |
|
|a Skřičková, Jana,
|d 1952-
|7 nlk20000083656
|4 aut
|
| 710 |
2 |
|
|a Institut pro další vzdělávání pracovníků ve zdravotnictví
|7 ko2003163668
|
| 856 |
4 |
1 |
|u http://www.digitalniknihovna.cz/mzk/uuid/uuid:ad5e2320-78aa-11e6-bb23-005056827e51
|y Digitalizovaný dokument
|x NDK
|
| 910 |
|
|
|a BOA001
|b 2-1014.588
|
| 990 |
|
|
|a BK
|
| 996 |
6 |
|
|b 2610028406
|c 2-1014.588
|l MZK
|r Sklad / do 1 hodiny
|n 3
|p p.v.
|w 000052044
|u 000010
|a 1
|e BOA001
|j MZK50
|s P
|